000 00387cam a22001217a 4500
008 180718b1965 xxu||||| |||| 00| 0 eng d
082 _aA81x54 In2/61/2/PT1C
100 _aCensus of India 1961
245 _aAndhra Pradesh: subsidiary tables
260 _aDelhi
_bThe Manager of Publications
_c1965
300 _a608+p.
440 _aCensus of India 1961. Volume II, Andhra Pradesh. Part I-C
999 _c484017
_d484017